INTRODUCTION TO HUMAN FACTORS ENGINEERING (Record no. 10672)

MARC details
000 -LEADER
fixed length control field 00363nam a22001577a 4500
003 - CONTROL NUMBER IDENTIFIER
control field SGT
020 ## - INTERNATIONAL STANDARD BOOK NUMBER
International Standard Book Number 978-93-325-4954-8
082 ## - DEWEY DECIMAL CLASSIFICATION NUMBER
Classification number 629.477
Item number I15M
100 ## - MAIN ENTRY--PERSONAL NAME
Personal name WICKENS, CHRISTOPHER
245 ## - TITLE STATEMENT
Title INTRODUCTION TO HUMAN FACTORS ENGINEERING
250 ## - EDITION STATEMENT
Edition statement 2ND
260 ## - PUBLICATION, DISTRIBUTION, ETC. (IMPRINT)
Place of publication, distribution, etc INDIA
Name of publisher, distributor, etc PEARSON
Year of Publication 2015
300 ## - PAGE DESCRIPTION
No. of Pages 581
650 ## - SUBJECT ADDED ENTRY--TOPICAL TERM
Topical term or geographic name as entry element PSYCHOLOGY
942 ## - ADDED ENTRY ELEMENTS (KOHA)
Source of classification or shelving scheme Dewey Decimal Classification
Koha item type Books
Holdings
Withdrawn status Lost status Source of classification or shelving scheme Damaged status Not for loan Collection code Home library Current library Shelving location Date acquired Vendor Name Cost, normal purchase price SGTU Bill Number Total Checkouts Full call number Accession No. (Barcode) Date last seen Bill Date Koha item type
    Dewey Decimal Classification     MEDICAL SGT Medical Library SGT Medical Library Text Book 30/01/2017 ABC 529.00 SGTU 7043   629.477 I15M FM8002 30/01/2017 09/07/2016 Books
    Dewey Decimal Classification     MEDICAL SGT Medical Library SGT Medical Library Text Book 30/01/2017 ABC 529.00 SGTU 7043   629.477 I15M FM8003 30/01/2017 09/07/2016 Books
    Dewey Decimal Classification     MEDICAL SGT Medical Library SGT Medical Library Text Book 30/01/2017 ABC 529.00 SGTU 7043   629.477 I15M FM8004 30/01/2017 09/07/2016 Books